[Event "WY GU16 2012"]
[Site "Maribor SLO"]
[Date "2012.11.11"]
[Round "4.39"]
[White "Leonardi,Caterina"]
[Black "Machlik,Monika"]
[Result "1/2-1/2"]
[WhiteElo "1869"]
[BlackElo "1735"]

1.d4 Nf6 2.c4 e6 3.Nf3 Bb4+ 4.Nbd2 b6 5.e3 Bb7 6.Bd3 O-O 7.O-O Bxd2 8.Nxd2 d5
9.b4 dxc4 10.Bxc4 Nbd7 11.Bb2 Qe7 12.a3 e5 13.Re1 exd4 14.Bxd4 c5 15.Bc3 Ne4
16.Nxe4 Qxe4 17.Bf1 Rfd8 18.f3 Qg6 19.e4 cxb4 20.axb4 Ne5 21.Qe2 Nd3 22.Red1 Nf4
23.Qe3 Ne6 24.Rxd8+ Nxd8 25.Rd1 Ne6 26.Bc4 Nf8 27.Be5 Rc8 28.Rd6 Qh5 29.Qd4 Rxc4
30.Qxc4 Qxe5 31.Rd8 Qa1+ 32.Kf2 Qb2+ 33.Kg1 Qa1+ 34.Kf2 Qb2+ 35.Kg1 Qe5 36.g3 h6
37.Kg2 Qb2+ 38.Kh3 Qe5 39.Kg2 a6 40.Kf2 Qb2+ 41.Kg1 Qe5 42.Kg2 g6 43.Kg1 Kg7
44.Kg2 Qb2+ 45.Kh3 Qe5 46.Kg2 h5 47.Kg1 Qa1+ 48.Kg2 Qb2+ 49.Kg1 Qe5 50.Kg2 Qb2+
51.Kg1 Qa1+ 52.Kg2  1/2-1/2

[Event "WY GU16 2012"]
[Site "Maribor SLO"]
[Date "2012.11.11"]
[Round "4.22"]
[White "Vlckova,Katerina"]
[Black "Belova,O"]
[Result "0-1"]
[WhiteElo "1846"]
[BlackElo "2130"]

1.d4 Nf6 2.c4 e6 3.Nf3 Bb4+ 4.Nbd2 b6 5.e3 Bb7 6.Bd3 O-O 7.O-O d5 8.a3 Be7
9.b3 c5 10.Bb2 Nc6 11.Rc1 cxd4 12.exd4 Rc8 13.Re1 a5 14.Ne5 dxc4 15.Ndxc4 g6
16.Bb1 Nd5 17.Be4 Bg5 18.Rc2 Nce7 19.Bd3 Nf5 20.Bf1 Qe7 21.Nd2 Rxc2 22.Qxc2 Rc8
23.Qd1 Bh6 24.Ne4 Nde3 25.Qd3 Nxf1 26.Kxf1 Bg7 27.Nc4 Qd8 28.Rd1 b5 29.Ne3 Nxe3+
30.fxe3 Qd5 31.Nc5 Qxg2+ 32.Ke1 Qg1+ 33.Kd2 Qxh2+ 34.Qe2 Qxe2+ 35.Kxe2 Bc6
36.Bc3 a4 37.bxa4 bxa4 38.Rb1 Bf8 39.Bb4 h5 40.Kd3 f5 41.Rg1 Kf7 42.e4 Bxc5
43.Bxc5 Bxe4+ 44.Ke3 Kf6 45.Rc1 Rb8 46.Bb4 Rb7 47.Kf2 h4 48.Kg1 g5 49.Rc8 Bd5
50.Rf8+ Kg7 51.Rc8 g4 52.Kh2 f4 53.Bd6 Rb2+ 54.Kg1 Rb1+ 55.Kf2 g3+ 56.Ke2 g2
57.Be5+ Kg6 58.Rg8+ Kf7 59.Rg7+ Kf8 60.Kf2 Rf1+  0-1

[Event "WY GU16 2012"]
[Site "Maribor SLO"]
[Date "2012.11.14"]
[Round "7.25"]
[White "Vlckova,Katerina"]
[Black "Shamatava,A"]
[Result "0-1"]
[WhiteElo "1846"]
[BlackElo "2072"]

1.d4 Nf6 2.c4 e6 3.Nf3 Bb4+ 4.Nbd2 b6 5.g3 Bb7 6.Bg2 O-O 7.O-O Bxd2 8.Qxd2 d6
9.b3 Nbd7 10.Bb2 Qc8 11.Rfd1 Be4 12.Rac1 Qb7 13.Qc3 Rfe8 14.Bh3 Bf5 15.Bxf5 exf5
16.Rc2 Ne4 17.Qe1 Ndf6 18.Nh4 Ng4 19.e3 Ng5 20.d5 Qc8 21.Qc3 f6 22.Kg2 Ne5
23.Re2 f4 24.exf4 Qh3+ 25.Kg1 Ng4 26.Rxe8+ Rxe8 27.Nf3 Re3 28.fxg5 Rxc3 29.Bxc3 Ne5
30.Nd4 fxg5 31.Re1 h5 32.Ne6 Qg4 33.f4 gxf4 34.Nxf4 h4 35.Rf1 Nd3 36.Ne6 h3
37.Nd4 g5  0-1

[Event "3rd Thanksgiving Open"]
[Site "Saint Louis USA"]
[Date "2012.11.23"]
[Round "2.3"]
[White "Bykhovsky,An ISR"]
[Black "Kavutskiy,K"]
[Result "1-0"]
[WhiteElo "2513"]
[BlackElo "2301"]

1.d4 Nf6 2.Nf3 e6 3.c4 Bb4+ 4.Nbd2 b6 5.a3 Bxd2+ 6.Qxd2 Bb7 7.e3 O-O 8.Be2 a5
9.b3 d6 10.Bb2 Nbd7 11.O-O Qe7 12.Ne1 Ne4 13.Qc2 f5 14.f3 Nef6 15.Nd3 c5
16.Rad1 Rac8 17.Nf4 cxd4 18.exd4 e5 19.dxe5 dxe5 20.Nh3 e4 21.Kh1 exf3 22.Bxf3 Be4
23.Qc3 Nc5 24.Bxe4 fxe4 25.Qe3 Rcd8 26.Nf2 Rxd1 27.Rxd1 Qe6 28.h3 h6 29.Kg1 Ncd7
30.Re1 Re8 31.Qg3 Qf5 32.Bd4 Re6 33.Nd1 Nh5 34.Qh4 Nhf6 35.Ne3 Qg5 36.Qxg5 hxg5
37.b4 axb4 38.axb4 Nh5 39.Ra1 Nf4 40.Kf1 Nd3 41.Ra8+ Nf8 42.b5 Rd6 43.Bxg7 Rd7
44.Bxf8 Rf7+ 45.Ke2 Rf2+ 46.Kd1 Nb2+ 47.Kc1 Nd3+ 48.Kb1 Rxf8 49.Rxf8+ Kxf8
50.Kc2 Ke7 51.Kc3 Kd6 52.Kd4 Nc5 53.Nd5 Na4 54.g3  1-0

[Event "TCh-CZE Extraliga 2012-13"]
[Site "Czech Republic CZE"]
[Date "2012.12.01"]
[Round "3.3"]
[White "Bulski,K"]
[Black "Antoniewski,R"]
[Result "1/2-1/2"]
[WhiteElo "2549"]
[BlackElo "2557"]

1.d4 Nf6 2.c4 e6 3.Nf3 Bb4+ 4.Nbd2 O-O 5.a3 Be7 6.e4 d6 7.b4 a5 8.b5 e5 9.Bb2 exd4
10.Nxd4 Nfd7 11.Be2 Bf6 12.Qc2 Nc5 13.O-O Re8 14.Rfe1 Nbd7 15.Bf1 Nf8 16.h3 Bd7
17.Rad1 Ng6 18.N2b3 Nxb3 19.Qxb3 b6 20.Nf3 Bxb2 21.Qxb2 Qe7 22.Re3 Rad8 23.Rde1 Ne5  1/2-1/2

[Event "TCh-CZE Extraliga 2012-13"]
[Site "Czech Republic CZE"]
[Date "2012.12.02"]
[Round "4.3"]
[White "Murdzia,P"]
[Black "Petrik,T"]
[Result "1-0"]
[WhiteElo "2471"]
[BlackElo "2534"]

1.d4 e6 2.c4 Nf6 3.Nf3 Bb4+ 4.Nbd2 b6 5.a3 Bxd2+ 6.Qxd2 Bb7 7.b3 O-O 8.Bb2 d6
9.e3 Nbd7 10.Be2 Ne4 11.Qc2 f5 12.O-O Ng5 13.Ne1 Qe7 14.f3 Rae8 15.Nd3 e5
16.dxe5 dxe5 17.Nb4 f4 18.Nd5 Bxd5 19.cxd5 fxe3 20.Bc4 Kh8 21.Rae1 e4 22.Rxe3 Ne5
23.Qc3 Nxc4 24.bxc4 Rf4 25.h4 Rxh4 26.f4 Rf8 27.fxg5 Rxf1+ 28.Kxf1 Rh1+ 29.Kf2 Qf7+
30.Kg3 h6 31.Rxe4 hxg5 32.Re8+  1-0

[Event "3rd Bali Femenino Int"]
[Site "Benidorm ESP"]
[Date "2012.12.06"]
[Round "5.3"]
[White "Maisuradze,N"]
[Black "Nicolas Zapata,I"]
[Result "1/2-1/2"]
[WhiteElo "2315"]
[BlackElo "2217"]

1.d4 Nf6 2.c4 e6 3.Nf3 Bb4+ 4.Nbd2 d5 5.a3 Be7 6.Qc2 O-O 7.e4 dxe4 8.Nxe4 Nc6
9.Be3 Nxe4 10.Qxe4 f5 11.Qd3 Bf6 12.Rd1 Qe8 13.Be2 Bd7 14.Bf4 Rc8 15.O-O Ne7
16.Be5 Bc6 17.Rfe1 Be4 18.Qe3 Ng6 19.Bxf6 Rxf6 20.Ng5 Bc6 21.Bf3 h6 22.Nxe6 f4
23.Qe2 Bxf3 24.gxf3 Nh4 25.Qe4 Qg6+ 26.Qxg6 Nxf3+ 27.Kh1 Rxg6 28.Re4 Ng5
29.Nxg5 hxg5 30.Kg2 Rh6 31.Re5 g4 32.Rg5 f3+ 33.Kg3 Rh3+ 34.Kxg4 Rxh2 35.Rg1 Rxf2
36.Kh3 Rg2 37.R1xg2 fxg2 38.Kxg2 Re8 39.Kf3 Re1 40.Rc5 Re7 41.b4 Kf7 42.Ra5 a6
43.b5 axb5 44.Rxb5 c6 45.Rb6 Ke8 46.a4 Kd8 47.a5 Kc7 48.c5 Re1 49.a6 bxa6
50.Rxa6 Kb7 51.Ra2 Re7 52.Kf4 Kb8 53.Kf5 Kb7 54.Rb2+ Kc7 55.Rg2 Rd7 56.Rg4 Rd5+
57.Kg6 Rd7 58.Kh7 g5+ 59.Kg6 Rd5 60.Kf6 Kb7 61.Re4 Ka6 62.Re5 Rxd4 63.Rxg5 Kb5
64.Ke6 Rd1 65.Rh5  1/2-1/2

[Event "4th Penang Heritage City Open"]
[Site "Penang MAS"]
[Date "2012.12.11"]
[Round "1.13"]
[White "Chiong,L"]
[Black "Ang,Zhen Yuan"]
[Result "1-0"]
[WhiteElo "2301"]
[BlackElo "1792"]

1.d4 Nf6 2.c4 e6 3.Nf3 Bb4+ 4.Nbd2 a5 5.Qc2 Nc6 6.e4 d6 7.a3 Bxd2+ 8.Bxd2 e5
9.d5 Nb8 10.Bg5 h6 11.Bh4 O-O 12.Nd2 Nbd7 13.b3 Qe8 14.Be2 Nh7 15.O-O Nc5
16.b4 Na4 17.Bd3 b6 18.Nb3 Bd7 19.f3 Qc8 20.c5 Qb8 21.c6 Bc8 22.Bb5 Ba6 23.Qc4 Bxb5
24.Qxb5 Nc3 25.Qc4 axb4 26.axb4 Na4 27.Qb5 Qa7 28.Rfc1 Qa6 29.Qxa6 Rxa6 30.Rc2 Raa8
31.Rca2 b5 32.Nd2 f5 33.exf5 Rxf5 34.Ne4 Rc8 35.Rxa4 bxa4 36.Rxa4 Rb8 37.Ra7 Rf7
38.Ra4 g5 39.Bf2 Kf8 40.Ba7 Ra8 41.b5 Nf6 42.Nxf6 Rxf6 43.Ra6 Rf4 44.Kf2 Rb4
45.Ra5 e4 46.Ke3 exf3 47.gxf3 h5 48.Kd3 Rb3+ 49.Ke4 Re8+ 50.Kd4 Rxf3 51.b6 Rf4+
52.Kd3 cxb6 53.Bxb6 Rc8 54.Ra7 Rf7 55.Rd7 g4 56.Rxd6 Kg7 57.Bd4+ Kh7 58.Be3 Kg7
59.Re6 Rd8 60.Ke4 h4 61.Bh6+ Kh7 62.Bg5 Rc8 63.Bxh4 Kg7 64.Bg3 Kg8 65.Rg6+ Rg7
66.Rxg7+ Kxg7 67.Ke5 Kf7 68.Kd6 Rd8+ 69.Kc5 Ke7 70.Bh4+  1-0

[Event "5th Kolkata Open"]
[Site "Kolkata IND"]
[Date "2012.12.13"]
[Round "11.19"]
[White "Debashis,D"]
[Black "Anurag,M"]
[Result "1/2-1/2"]
[WhiteElo "2464"]
[BlackElo "2370"]

1.d4 Nf6 2.c4 e6 3.Nf3 Bb4+ 4.Nbd2 Nc6 5.g3 d6 6.Bg2 O-O 7.a3 Bxd2+ 8.Qxd2 e5
9.dxe5 dxe5 10.Qxd8 Rxd8 11.Bg5 Bg4 12.Rc1 h6 13.Bxf6 gxf6 14.Nd2 Nd4 15.e3 Ne6
16.Ne4 Kg7 17.h3 Bh5 18.g4 Bg6 19.Ke2 f5 20.gxf5 Bxf5 21.Rc3 Bg6 22.Rg1  1/2-1/2

[Event "ch-CZE Blitz 2012"]
[Site "Prague CZE"]
[Date "2012.12.15"]
[Round "5.2"]
[White "Navara,D"]
[Black "Hracek,Z"]
[Result "1-0"]
[WhiteElo "2710"]
[BlackElo "2615"]

1.d4 Nf6 2.c4 e6 3.Nf3 Bb4+ 4.Nbd2 d5 5.Qc2 O-O 6.a3 Be7 7.e4 c5 8.dxc5 dxe4
9.Nxe4 Nxe4 10.Qxe4 Nc6 11.b4 f5 12.Qb1 e5 13.Bb2 Bf6 14.Qd1 Qe7 15.Qb3 a5
16.O-O-O axb4 17.axb4 e4 18.Ne1 f4 19.Nc2 Bg4 20.f3 exf3 21.gxf3 Bxb2+ 22.Kxb2 Qf6+
23.Kb1 Bf5 24.Bd3 Ra7 25.Qb2 Qf7 26.Bxf5 Qxf5 27.Rhg1 g6 28.Rd5 Qf7 29.Rgd1 Rfa8
30.Rd7 Qf8 31.b5 Nd8 32.Qe5 Nf7 33.Qd5 Qe8 34.Re1 Qf8 35.Ree7 Qg7 36.Qxf7+  1-0

[Event "ch-IRI 2012"]
[Site "Zahedan IRI"]
[Date "2012.12.15"]
[Round "11.1"]
[White "Javanbakht,N"]
[Black "Golizadeh,A"]
[Result "1/2-1/2"]
[WhiteElo "2406"]
[BlackElo "2476"]

1.d4 Nf6 2.c4 e6 3.Nf3 Bb4+ 4.Nbd2 O-O 5.g3 d5 6.Bg2 b6 7.O-O Bb7 8.a3 Be7
9.cxd5 exd5 10.Nb1 c5 11.Nc3 Na6 12.Bf4 Nc7 13.Rc1 Ne6 14.Be5 Ng4 15.dxc5 bxc5
16.h3 Nf6 17.Nh2 Ne4 18.Nxe4 dxe4 19.e3 Bf6 20.Ng4 Bxe5 21.Nxe5 Qg5 22.Nc4 Rfd8
23.Qg4 Qe7 24.h4 g6 25.Bxe4 h5 26.Qf3 Nd4 27.exd4 Bxe4 28.Qe2 Rxd4 29.f3 Qc7
30.fxe4 Qxg3+ 31.Qg2 Qxh4 32.Ne5 Qxe4 33.Qxe4 Rxe4 34.Rxc5 Re8 35.Nxf7  1/2-1/2

[Event "Frau Bundesliga Div1 2012-13"]
[Site "Germany GER"]
[Date "2012.12.16"]
[Round "5.1"]
[White "Schleining,Z"]
[Black "Wirths,C"]
[Result "1/2-1/2"]
[WhiteElo "2340"]
[BlackElo "2022"]

1.d4 Nf6 2.c4 e6 3.Nf3 Bb4+ 4.Nbd2 O-O 5.e3 b6 6.Bd3 Bb7 7.O-O c5 8.d5 exd5
9.cxd5 Bxd2 10.Bxd2 Bxd5 11.Ng5 Bb7 12.Bc3 h6 13.Nh3 d5 14.Nf4 Nbd7 15.Bb5 Rc8
16.Bxd7 Nxd7 17.Nxd5 Qg5 18.e4 f5 19.f4 Qd8 20.exf5 Rxf5 21.Qg4 Rf7 22.Rad1 Qf8
23.f5 Bxd5 24.Rxd5 Nf6 25.Bxf6 Rxf6 26.Rd7 Rf7 27.Qc4 Re8 28.Rxa7 Re7 29.Rxe7 Qxe7
30.h3 Kh7 31.b3 Rf6 32.a4 Rd6 33.Qf4 Rd4 34.Qf3 Qf6 35.Re1 Rd7 36.Qg4 Rd4
37.Qg6+ Qxg6 38.fxg6+ Kxg6 39.Re6+ Kf5 40.Rxb6 c4 41.Rb5+ Ke6 42.bxc4 Rxc4
43.Ra5 Rc2 44.Kh2 Ra2 45.Ra8 Kf5 46.Ra6 Kg5 47.a5 h5 48.h4+ Kf5 49.Ra7 g6
50.Kh3 Ra3+ 51.g3 Ra1 52.a6 Rh1+ 53.Kg2 Ra1 54.Kf3 Ra3+ 55.Kf2 Kg4 56.Re7 Rxa6  1/2-1/2

[Event "19th Zadar Open A"]
[Site "Zadar CRO"]
[Date "2012.12.16"]
[Round "1.11"]
[White "Saric,A"]
[Black "Veleski,R"]
[Result "1-0"]
[WhiteElo "2533"]
[BlackElo "2311"]

1.Nf3 Nf6 2.c4 e6 3.d4 Bb4+ 4.Nbd2 b6 5.e3 Bb7 6.Bd3 O-O 7.O-O Bxd2 8.Bxd2 d6
9.Qc2 Nbd7 10.e4 e5 11.Bc3 Re8 12.Rfe1 exd4 13.Nxd4 Nc5 14.f3 Nxd3 15.Qxd3 Nd7
16.Nf5 Ne5 17.Qe2 f6 18.Rad1 Qd7 19.b3 Qf7 20.Ne3 a5 21.Nd5 a4 22.b4 Ba6
23.Bxe5 Rxe5 24.Qc2 Bb7 25.Re3 Rae8 26.Qxa4 f5 27.Rde1 b5 28.Qa7 c6 29.Nc3 f4
30.Rd3 Qxc4 31.Red1 R5e7 32.Qd4 c5 33.Qxd6 cxb4 34.Nd5 Bxd5 35.Rxd5 Ra7 36.R5d4 Qe2
37.R4d2 Qc4 38.Rd4 Qe2 39.Qd5+ Kh8 40.Qc6 Rg8 41.R4d2 Qc4 42.Rc1 Qxc6 43.Rxc6 h6
44.h4 Rga8 45.Rd4 Rxa2 46.Rxb4 Rd2 47.Rxb5 Ra1+ 48.Kh2 Rdd1 49.Kh3 Rh1+ 50.Kg4 Rag1
51.Rc2 Rh2 52.Rbb2 Rgh1 53.Kxf4 Rxh4+ 54.g4 Rf1 55.Rc3 Rh3 56.Rbb3 h5 57.Kg5 hxg4
58.Rc8+ Kh7 59.Rbb8  1-0

[Event "19th Zadar Open A"]
[Site "Zadar CRO"]
[Date "2012.12.17"]
[Round "2.2"]
[White "Kozul,Z"]
[Black "Jovanovic,Zo CRO"]
[Result "1-0"]
[WhiteElo "2638"]
[BlackElo "2503"]

1.d4 Nf6 2.Nf3 e6 3.c4 Bb4+ 4.Nbd2 c5 5.dxc5 Bxc5 6.e3 O-O 7.a3 Re8 8.b4 Bf8
9.Bb2 a5 10.b5 d6 11.Qc2 Nbd7 12.Ng5 g6 13.Be2 Qc7 14.O-O b6 15.Bf3 Bb7 16.Bxb7 Qxb7
17.Rfd1 Rec8 18.Nde4 Ne8 19.Qe2 Nc5 20.Qf3 Nxe4 21.Nxe4 Qe7 22.Rac1 Bg7 23.Bxg7 Kxg7
24.Qe2 Rd8 25.Qb2+ Kg8 26.Qd4 Qb7 27.Nc3 Rab8 28.e4 Qc7 29.h3 Qe7 30.Na4 Qc7
31.Rc2 Rdc8 32.Qe3 Qb7 33.Qe2 Qc7 34.f4 Nf6 35.e5 dxe5 36.fxe5 Nd7 37.Rd6 Nc5
38.Rc6 Qe7 39.Nxc5 Rxc6 40.Na6 Rcc8 41.Nxb8 Rxb8 42.Qe3 Qd8 43.Kh2 Rc8 44.c5 Qd5
45.c6 Qxb5 46.c7 h6 47.Rc1 Kg7 48.Kh1 g5 49.Qd4 Qd5 50.Qxb6 Qd2 51.Qc5 a4
52.Kg1 h5 53.Rc4 Qe1+ 54.Kh2 h4 55.Rc3 Qe4 56.Rf3 Qd5 57.Qe3 Rxc7 58.Qxg5+ Kf8
59.Qh6+ Ke8 60.Qh8+ Ke7 61.Qxh4+ Ke8 62.Qxa4+ Kf8 63.Qf4 Ke8 64.Rg3  1-0

[Event "15th Padova Open 2012"]
[Site "Padova ITA"]
[Date "2012.12.18"]
[Round "3.3"]
[White "Shishkin,Va UKR"]
[Black "Manca,F"]
[Result "1-0"]
[WhiteElo "2501"]
[BlackElo "2433"]

1.d4 Nf6 2.c4 e6 3.Nf3 Bb4+ 4.Nbd2 d5 5.e3 O-O 6.a3 Be7 7.Bd3 b6 8.b3 Bb7
9.Bb2 Nbd7 10.O-O c5 11.Qe2 cxd4 12.exd4 Re8 13.h3 Bf8 14.Rac1 Rc8 15.Rfd1 g6
16.Qe3 dxc4 17.bxc4 Bg7 18.Nf1 Qc7 19.Ng3 Bc6 20.Bf1 Qb7 21.Re1 Rcd8 22.Bc3 Qc7
23.Bd2 Nb8 24.Bc3 Bb7 25.Red1 Nc6 26.Bb2 Ne7 27.Qb3 Nf5 28.Nxf5 exf5 29.d5 Ne4
30.Bxg7 Kxg7 31.Nd4 Kg8 32.Qb2 Qe5 33.Rc2 Nd6 34.Qb3 Rc8 35.Re2 Qf6 36.Rxe8+ Rxe8
37.Nb5 a6 38.Nxd6 Qxd6 39.a4 Rb8 40.Rb1 Bc8 41.Qb4 Qxb4 42.Rxb4 a5 43.Rb1 Rb7
44.d6 Kf8 45.Be2 Bd7 46.c5 Bxa4 47.Rxb6  1-0

[Event "5th Marseille Open"]
[Site "Marseille FRA"]
[Date "2012.12.26"]
[Round "2.9"]
[White "Salvador,R"]
[Black "Mishkovski,L"]
[Result "1-0"]
[WhiteElo "2471"]
[BlackElo "2034"]

1.d4 Nf6 2.Nf3 e6 3.c4 Bb4+ 4.Nbd2 O-O 5.Qc2 d5 6.a3 Be7 7.e4 dxe4 8.Nxe4 Nbd7
9.Neg5 c5 10.Be3 Qa5+ 11.Bd2 Qc7 12.O-O-O cxd4 13.Nxd4 Ne5 14.Kb1 Nc6 15.Nxc6 Qxc6
16.Bc3 g6 17.h4 Nh5 18.Be2 Ng7 19.g4 h6 20.Nf3 Rd8 21.Rxd8+ Bxd8 22.Qd2 Bc7
23.Qxh6 e5 24.Ng5 Qxh1+ 25.Ka2 Bd6 26.Qh7+ Kf8 27.Qh8+ Ke7 28.Qxg7 Be6 29.Nxe6 Kxe6
30.c5 Qd5+ 31.b3 Qxc5 32.Bc4+ Kd7 33.Qxf7+ Kc6 34.b4 Rf8 35.bxc5 Rxf7 36.Bxf7 Bxc5
37.Bxg6 Bxf2 38.h5  1-0

[Event "6th Augusta Aragon Open"]
[Site "Zaragoza ESP"]
[Date "2012.12.26"]
[Round "5.2"]
[White "Mirzoev,A"]
[Black "Garza Marco,S"]
[Result "1/2-1/2"]
[WhiteElo "2553"]
[BlackElo "2438"]

1.d4 Nf6 2.Nf3 e6 3.c4 Bb4+ 4.Nbd2 O-O 5.a3 Be7 6.e4 d5 7.e5 Nfd7 8.b4 a5
9.b5 c5 10.bxc6 bxc6 11.Bd3 c5 12.Qc2 g6 13.O-O cxd4 14.cxd5 exd5 15.Nb3 Ba6
16.Nbxd4 Bxd3 17.Qxd3 Nc5 18.Qb5 Qd7 19.Rb1 Re8 20.Rd1 Ne4 21.Rd3 Bc5 22.Be3 Bxd4
23.Nxd4 Rxe5 24.h3 Re8 25.a4 Rc8 26.Ne2 Qxb5 27.Rxb5 Na6 28.Rxa5 Nb4 29.Rxa8 Rxa8
30.Ra3 Nc2 31.Ra2 Nxe3 32.fxe3 Ra5 33.g4 Kf8 34.Kg2 Ke7 35.Ra1 Kd6 36.Kf3 f6  1/2-1/2

[Event "6th Augusta Aragon Open"]
[Site "Zaragoza ESP"]
[Date "2012.12.26"]
[Round "5.3"]
[White "Bellia,F"]
[Black "Narciso Dublan,M"]
[Result "0-1"]
[WhiteElo "2448"]
[BlackElo "2551"]

1.d4 Nf6 2.c4 e6 3.Nf3 Bb4+ 4.Nbd2 b6 5.a3 Bxd2+ 6.Bxd2 Bb7 7.e3 d6 8.Bd3 Nbd7
9.O-O O-O 10.Qc2 Bxf3 11.gxf3 c5 12.dxc5 Nxc5 13.Rfd1 e5 14.Bf1 Qe7 15.Bc3 Rad8
16.b4 Ne6 17.Rd2 Nh5 18.Rad1 g6 19.Kh1 Nhg7 20.Bd3 Rc8 21.Qb2 Ng5 22.Be2 Nf5
23.e4 Nh4 24.Rxd6 Ngxf3 25.Bxf3 Nxf3 26.R6d3 Ng5 27.f3 Rfe8 28.Qe2 Rxc4 29.Rd7 Qe6
30.Bxe5 Qh3 31.Rd8 Rc8 32.Rxe8+ Rxe8 33.f4 Qxa3 34.Bb2 Qf3+ 35.Qxf3 Nxf3
36.Kg2 Nh4+ 37.Kg3 g5 38.f5 Kf8 39.b5 Rxe4 40.Rd8+ Ke7 41.Ra8 Nxf5+ 42.Kf3 Rf4+
43.Kg2 Ne3+ 44.Kg3 Nf5+ 45.Kg2 Ra4  0-1

[Event "Pan-Am Intercollegiate 2012"]
[Site "Princeton USA"]
[Date "2012.12.28"]
[Round "3"]
[White "Chirila,I"]
[Black "Huschenbeth,N"]
[Result "1-0"]
[WhiteElo "2525"]
[BlackElo "2527"]

1.Nf3 Nf6 2.d4 e6 3.c4 Bb4+ 4.Nbd2 O-O 5.a3 Be7 6.e4 d5 7.e5 Nfd7 8.Bd3 c5
9.O-O Nc6 10.Qe2 a5 11.Re1 cxd4 12.Nb3 a4 13.cxd5 exd5 14.Nbxd4 Ndxe5 15.Nxe5 Nxd4
16.Qh5 f5 17.Bd2 Nc6 18.Rac1 Nxe5 19.Rxe5 Kh8 20.Rce1 g6 21.Qh6 Bf6 22.Rxd5 Bd7
23.Bb5 Rf7 24.Rd1 Qe8 25.Bxd7 Rxd7 26.Bc3 Rf7 27.Qh4 Qc6 28.Rd7 Raf8 29.Bxf6+ Qxf6
30.Qxf6+ Rxf6 31.Rxb7 R8f7 32.Rb4 Ra6 33.h4 Kg7 34.Rdd4 Rfa7 35.g3 Kf6 36.Kg2 Ke6
37.Kf3 Ke5 38.Ke3 Ke6 39.Rdc4 Kf6 40.Kd3 Rd6+ 41.Rd4 Rda6 42.h5 Kg5 43.hxg6 hxg6
44.Ke3 Re6+ 45.Kd3 Rea6 46.g4 Ra5 47.gxf5 gxf5 48.Kc3 R7a6 49.Rbc4 Ra7 50.Kb4 R5a6
51.Kc3 Ra5 52.Kc2 Ra8 53.Rd3 Rb8 54.Rb4 Rc8+ 55.Kd2 Rc6 56.Rg3+ Kf6 57.f4 Rd6+
58.Rd3 Rc6 59.Rc3 Rd6+ 60.Kc2 Kg6 61.Rg3+ Kf6 62.Re3 Rc6+ 63.Kb1 Kg6 64.Rd3 Kf6
65.Rd8 Kg6 66.Rg8+ Kf7 67.Rgb8 Kg6 68.R4b5 Rc5 69.R5b6+ Kh5 70.Rg8  1-0

[Event "XLII Rilton Cup"]
[Site "Stockholm SWE"]
[Date "2012.12.30"]
[Round "4.10"]
[White "Rombaldoni,Ax"]
[Black "Schneider,Stef"]
[Result "1-0"]
[WhiteElo "2464"]
[BlackElo "2312"]

1.d4 e6 2.Nf3 Nf6 3.c4 Bb4+ 4.Nbd2 O-O 5.a3 Be7 6.e4 d5 7.e5 Nfd7 8.Bd3 c5
9.O-O Nc6 10.Re1 a5 11.Bc2 Re8 12.h3 Nf8 13.dxc5 Bxc5 14.Qe2 Ng6 15.Nb3 Be7
16.Rd1 a4 17.Nbd4 Nxd4 18.Rxd4 Bc5 19.Rg4 b6 20.h4 dxc4 21.h5 Nf8 22.Bg5 Be7
23.Rd1 Bd7 24.Qe4 Kh8 25.Qf4 f5 26.exf6 Bxf6 27.Ne5 Bxe5 28.Qxe5 Qb8 29.Rd6 Ra5
30.Bh6 Rxe5 31.Bxg7+ Kg8 32.Bxe5+ Ng6 33.hxg6 hxg6 34.Rxg6+ Kf8 35.Rf6+ Kg8
36.Bh7+  1-0

[Event "36th Zurich Christmas Open"]
[Site "Zuerich SUI"]
[Date "2012.12.30"]
[Round "7.40"]
[White "Rindlisbacher,L"]
[Black "Anton Guijarro,D"]
[Result "0-1"]
[WhiteElo "2370"]
[BlackElo "2558"]

1.d4 Nf6 2.c4 e6 3.Nf3 Bb4+ 4.Nbd2 O-O 5.a3 Be7 6.e4 d5 7.e5 Nfd7 8.c5 f6
9.exf6 Bxf6 10.Bd3 Nc6 11.Nb3 e5 12.dxe5 Ndxe5 13.Nxe5 Nxe5 14.O-O c6 15.Nd4 Qe7
16.b4 Ng4 17.Bb2 Qe5 18.f4 Qe3+ 19.Kh1 Nf2+ 20.Rxf2 Qxf2 21.Bc3 Qxf4 22.Qg1 Bd7
23.Rf1 Qh6 24.Rf3 Rae8 25.Qf1 Bg4  0-1

[Event "XLII Rilton Cup"]
[Site "Stockholm SWE"]
[Date "2013.01.02"]
[Round "6.14"]
[White "Rombaldoni,Ax"]
[Black "Nielsen,Ro"]
[Result "1-0"]
[WhiteElo "2464"]
[BlackElo "2208"]

1.d4 Nf6 2.c4 e6 3.Nf3 Bb4+ 4.Nbd2 d5 5.Qa4+ Nc6 6.a3 Be7 7.e3 O-O 8.Qc2 Re8
9.b4 Bf8 10.Bb2 Bd7 11.Bd3 Ne7 12.Ne5 a5 13.b5 dxc4 14.Bxc4 c6 15.b6 Rc8
16.Ndf3 c5 17.Nxf7 Kxf7 18.Ng5+ Kg8 19.d5 Ba4 20.Qxa4 Nfxd5 21.Qc2 Nf5 22.Nxe6 Nfxe3
23.fxe3 Qh4+ 24.g3 Nxe3 25.gxh4  1-0

[Event "11th Parsvnath Open"]
[Site "New Delhi IND"]
[Date "2013.01.06"]
[Round "3.21"]
[White "Adhiban,Baskaran"]
[Black "Lokesh,P"]
[Result "1-0"]
[WhiteElo "2558"]
[BlackElo "2198"]

1.Nf3 Nf6 2.c4 e6 3.d4 Bb4+ 4.Nbd2 d5 5.Qa4+ Nc6 6.e3 O-O 7.Bd3 Qe7 8.O-O Bd7
9.Qc2 dxc4 10.Nxc4 Bd6 11.Bd2 Rac8 12.e4 e5 13.d5 Nb8 14.Bc3 b5 15.Ncxe5 b4
16.Bd4 c5 17.dxc6 Bxc6 18.Qe2 Bxe5 19.Nxe5 Rcd8 20.Qe3 Rfe8 21.f4 Bxe4 22.Bxe4 Nxe4
23.Qxe4 f6 24.Rfe1 fxe5 25.Bxe5 Nd7 26.Qd5+ Qe6 27.Qxe6+ Rxe6 28.Rec1 Re7
29.Rc7 Kf7 30.Bd6 Re4 31.Be5 Ke8 32.Bxg7 Rxf4 33.Rxa7 Rg4 34.Bh6 Nf6 35.Rc1 Re4  1-0

[Event "Dvorkovich Mem 2013"]
[Site "Taganrog RUS"]
[Date "2013.01.16"]
[Round "2.2"]
[White "Neverov,V"]
[Black "Sjugirov,S"]
[Result "0-1"]
[WhiteElo "2499"]
[BlackElo "2643"]

1.d4 Nf6 2.c4 e6 3.Nf3 Bb4+ 4.Nbd2 O-O 5.a3 Be7 6.e3 d5 7.Bd3 b6 8.O-O Nbd7
9.b3 Bb7 10.Bb2 c5 11.Qe2 cxd4 12.exd4 Re8 13.Rad1 Qc7 14.Ne5 dxc4 15.Ndxc4 b5
16.Nxd7 Qxd7 17.Na5 a6 18.Nxb7 Qxb7 19.Rc1 Rec8 20.g3 Qd5 21.Qe3 Qd7 22.Rxc8+ Rxc8
23.Rc1 Nd5 24.Qd2 g6 25.Be4 Rc6 26.Rxc6 Qxc6 27.Kg2 Kg7 28.Qc1 Qd7 29.Bf3 Bf6
30.Qc5 Ne7 31.Bc3 Nd5 32.Bxd5 exd5 33.Bb4 h5 34.Qf8+ Kh7 35.Bc5 h4 36.h3 hxg3
37.Kxg3 Qe6 38.a4 bxa4 39.bxa4 Bg5 40.Qd6 Qe4 41.f4 Qe1+ 42.Kg2 Qe4+ 43.Kg3 Qe3+
44.Kg4 Qg1+ 45.Kf3 Bh4 46.f5 gxf5 47.Ke2 Qe1+ 48.Kd3 Qd1+ 49.Ke3 Bg5+ 50.Kf2 Qd2+
51.Kf1 Qd3+  0-1

[Event "TCh-AUT 2012-13"]
[Site "Graz AUT"]
[Date "2013.01.17"]
[Round "4.1"]
[White "Ragger,M"]
[Black "Babula,V"]
[Result "1/2-1/2"]
[WhiteElo "2655"]
[BlackElo "2585"]

1.d4 Nf6 2.c4 e6 3.Nf3 Bb4+ 4.Nbd2 O-O 5.a3 Be7 6.e4 d5 7.e5 Nfd7 8.Bd3 c5
9.h4 h6 10.Bb1 Re8 11.Qc2 Nf8 12.dxc5 a5 13.O-O Na6 14.Rd1 Nxc5 15.Nb3 b6
16.Be3 Bb7 17.Nxc5 Bxc5 18.Bxc5 bxc5 19.cxd5 Bxd5 20.Qxc5 Qb8 21.Qe3 Qxb2
22.Be4 Bxe4 23.Qxe4 Red8 24.Qa4 Ng6 25.Rdb1 Qc3 26.Rc1 Qd3 27.Rd1 Qc3 28.Rdc1 Qd3
29.Rd1 Qc3 30.Rdc1 Qd3 31.Rd1  1/2-1/2

[Event "TCh-CAT Div Hon 2013"]
[Site "Catalonia ESP"]
[Date "2013.01.19"]
[Round "1.8"]
[White "Serra Pages,J"]
[Black "Gomez Jurado,L"]
[Result "1-0"]
[WhiteElo "2213"]
[BlackElo "2255"]

1.d4 Nf6 2.c4 e6 3.Nf3 Bb4+ 4.Nbd2 O-O 5.a3 Be7 6.e4 d5 7.e5 Ne4 8.Bd3 Nxd2
9.Bxd2 dxc4 10.Bxc4 c5 11.dxc5 Bxc5 12.Qe2 Nc6 13.O-O Nd4 14.Nxd4 Qxd4 15.Bg5 b5
16.Bxb5 Bb7 17.Rfd1 Qe4 18.Qxe4 Bxe4 19.Rac1 Rfc8 20.b4 Bf8 21.Rxc8 Rxc8
22.Rd8 Rc7 23.Be3 f5 24.Bc5 Rf7 25.Bc4 Bd5 26.Bxd5 exd5 27.e6  1-0

[Event "Dvorkovich Mem 2013"]
[Site "Taganrog RUS"]
[Date "2013.01.19"]
[Round "5.20"]
[White "Demianjuk,A"]
[Black "Isaev,Y"]
[Result "1-0"]
[WhiteElo "2340"]
[BlackElo "2238"]

1.d4 Nf6 2.c4 e6 3.Nf3 Bb4+ 4.Nbd2 b6 5.a3 Bxd2+ 6.Bxd2 Bb7 7.Bg5 O-O 8.e3 d5
9.Rc1 dxc4 10.Bxc4 Nbd7 11.O-O c5 12.Qe2 h6 13.Bh4 cxd4 14.exd4 Rc8 15.Rc3 Bd5
16.Rfc1 Qe8 17.Nd2 Kh8 18.f3 Bxc4 19.Rxc4 Rxc4 20.Qxc4 Qa8 21.Qc6 Qxc6 22.Rxc6 Nd5
23.Ne4 Kg8 24.Nc3 N7f6 25.Bxf6 Nxf6 26.Rc7 Rd8 27.Rxa7 Rxd4 28.Rb7 Rd6 29.Rb8+ Kh7
30.Kf1 Kg6 31.Ke2 Nd7 32.Rd8 f5 33.Na4 Kf6 34.Nxb6 Rxb6 35.Rxd7 Rxb2+ 36.Rd2 Rb5
37.a4 Ra5 38.Ra2 Ke5 39.Kd3 Kd5 40.Kc3 e5 41.Kb4 Ra8 42.a5 Kd4 43.Rd2+ Ke3
44.Rd5 Kf4 45.g3+ Kxf3 46.Rxe5 Kg4 47.Re6 Rg8 48.a6 h5 49.a7 g5 50.Ra6 Ra8
51.Kc5 f4 52.gxf4 Kxf4 53.Kb6 g4 54.Kb7 Rxa7+ 55.Kxa7 h4 56.Rh6 Kg5 57.Rh8 g3
58.h3  1-0

[Event "TCh-CAT Div Hon 2013"]
[Site "Catalonia ESP"]
[Date "2013.01.26"]
[Round "2.5"]
[White "Gual Pascual,A"]
[Black "Vidarte Morales,A"]
[Result "1-0"]
[WhiteElo "2480"]
[BlackElo "2345"]

1.d4 Nf6 2.c4 e6 3.Nf3 Bb4+ 4.Nbd2 O-O 5.a3 Bxd2+ 6.Qxd2 b6 7.e3 Bb7 8.Be2 d6
9.b4 Nbd7 10.Bb2 Qe7 11.O-O Ne4 12.Qd3 c5 13.Nd2 Nxd2 14.Qxd2 e5 15.f3 Rfe8
16.Rfe1 a5 17.Bf1 h6 18.Bc3 axb4 19.axb4 Rxa1 20.Rxa1 Ra8 21.Rxa8+ Bxa8 22.Qa2 Qd8
23.bxc5 bxc5 24.d5 Bb7 25.Bd3 Qa8 26.Qb2 Qa6 27.f4 f6 28.Bf5 Nf8 29.Qb3 Bc8
30.Bd3 Qb7 31.Qc2 Qa6 32.h3 Qa3 33.Kh2 Bd7 34.Qd2 Qb3 35.Ba5 Qb8 36.g4 Be8
37.Kg3 Bg6 38.f5 Be8 39.h4 Nd7 40.Qc3 Kf8 41.Bc2 Ke7 42.e4 Nf8 43.Qb3 Qxb3+
44.Bxb3 Nh7 45.Kf3 Nf8 46.Ke3 Bd7 47.Kd3 Nh7 48.Kc3 Be8 49.Bd1 Bd7 50.Kb3 Be8
51.Ka3 Bd7 52.Ba4 Bxa4 53.Kxa4 Kd7 54.Kb5 Nf8 55.Kb6 Nh7 56.Bc3 Nf8 57.Kb7 Nh7
58.Be1 Nf8 59.Bf2 Nh7 60.Kb6 Nf8 61.Be3 Nh7 62.Bxc5 dxc5 63.Kxc5 Nf8 64.Kb6 Kc8
65.Kc6 Nd7 66.c5 Kd8 67.h5 Kc8 68.Kd6 Nb8 69.c6 Kd8 70.Ke6 Na6 71.Kf7 Nb4
72.Kxg7 Nxd5 73.exd5 e4 74.g5  1-0